| 000 | 00528pab a2200193 454500 | ||
|---|---|---|---|
| 008 | 180718b2014 xxu||||| |||| 00| 0 eng d | ||
| 100 | _aAhmadi, Habiballah | ||
| 245 | _aA study on elementary education as a basic: Human right of children in India | ||
| 260 | _c2014 | ||
| 300 | _ap.191-201. | ||
| 362 | _aJan-Jun | ||
| 650 | _aChildren - India | ||
| 650 | _aElementary education - India | ||
| 650 | _aElementary education | ||
| 700 | _aPriya, Y. Vishnu | ||
| 773 | _aMan in India | ||
| 908 | _aN | ||
| 909 | _a105001 | ||
| 999 |
_c104996 _d104996 |
||